Normal view
MARC view
Entry Personal Name
001 - CONTROL NUMBER
- control field: 12454
003 - CONTROL NUMBER IDENTIFIER
- control field: BD-DhEWU
005 - DATE AND TIME OF LATEST TRANSACTION
- control field: 20140618125515.0
008 - FIXED-LENGTH DATA ELEMENTS
- fixed length control field: 140618|| aca||aabn | a|a d
040 ## - CATALOGING SOURCE
- Original cataloging agency: BD-DhEWU
- Transcribing agency: BD-DhEWU
100 ## - HEADING--PERSONAL NAME
- Personal name: Swain, James E.
- Fuller form of name: (James Edgar),
- Dates associated with a name: 1897-
670 ## - SOURCE DATA FOUND
- Source citation: Work cat.: (BD-DhEWU)258: Swain, James E. (James Edgar), 1897-, A history of world civilization., 1947.